<?xml version="1.0" encoding="UTF-8"?><?xml-stylesheet type="text/xsl" href="static/style.xsl"?><OAI-PMH xmlns="http://www.openarchives.org/OAI/2.0/" xmlns:xsi="http://www.w3.org/2001/XMLSchema-instance" xsi:schemaLocation="http://www.openarchives.org/OAI/2.0/ http://www.openarchives.org/OAI/2.0/OAI-PMH.xsd"><responseDate>2026-04-17T03:08:02Z</responseDate><request verb="GetRecord" identifier="oai:www.recercat.cat:2117/448579" metadataPrefix="marc">https://recercat.cat/oai/request</request><GetRecord><record><header><identifier>oai:recercat.cat:2117/448579</identifier><datestamp>2026-01-30T07:23:21Z</datestamp><setSpec>com_2072_1033</setSpec><setSpec>col_2072_452950</setSpec></header><metadata><record xmlns="http://www.loc.gov/MARC21/slim" xmlns:dcterms="http://purl.org/dc/terms/" xmlns:xsi="http://www.w3.org/2001/XMLSchema-instance" xmlns:doc="http://www.lyncode.com/xoai" xsi:schemaLocation="http://www.loc.gov/MARC21/slim http://www.loc.gov/standards/marcxml/schema/MARC21slim.xsd">
   <leader>00925njm 22002777a 4500</leader>
   <datafield ind2=" " ind1=" " tag="042">
      <subfield code="a">dc</subfield>
   </datafield>
   <datafield ind2=" " ind1=" " tag="720">
      <subfield code="a">García Honores, Juan Diego</subfield>
      <subfield code="e">author</subfield>
   </datafield>
   <datafield ind2=" " ind1=" " tag="720">
      <subfield code="a">Alonso Montolio, Carlos</subfield>
      <subfield code="e">author</subfield>
   </datafield>
   <datafield ind2=" " ind1=" " tag="720">
      <subfield code="a">Coch Roura, Helena</subfield>
      <subfield code="e">author</subfield>
   </datafield>
   <datafield ind2=" " ind1=" " tag="260">
      <subfield code="c">2025-11-01</subfield>
   </datafield>
   <datafield ind2=" " ind1=" " tag="520">
      <subfield code="a">Rising temperatures and more frequent heatwaves pose a critical challenge for Mediterranean dwellings, where overheating in hot periods threatens indoor thermal comfort and energy efficiency. Most retrofitting strategies have focused on thermal insulation, but this approach can intensify overheating, highlighting the need for adaptive cooling strategies. This study evaluates the impact of cooling strategies on non-insulated and insulated dwellings in Barcelona during summer, under current and projected 2050 climate scenarios. Using DesignBuilder software, three cooling strategies were assessed: natural ventilation, mechanical cooling, and mixed cooling combining both. Results indicate that while insulation reduces active cooling energy demand, it increases overheating risks in passively cooled dwellings. Under current climate conditions, natural ventilation effectively mitigates overheating. However, by 2050, overheating risks will increase, with 18% and 25% of summer hours exceeding 29°C in non-insulated and insulated dwellings, respectively. Mechanical cooling demand is projected to double to 39.35 kWh/m2 and 37.7 kWh/m2, respectively. A mixed cooling strategy, integrating natural ventilation with mechanical cooling during heat peaks, proved to be an effective approach, reducing energy demand by up to 33%. These results highlight the need to rethink retrofit policies and integrate mixed cooling strategies to mitigate overheating and reduce energy demand in the face of the challenges posed by climate change.</subfield>
   </datafield>
   <datafield ind2=" " ind1=" " tag="520">
      <subfield code="a">Peer Reviewed</subfield>
   </datafield>
   <datafield ind2=" " ind1=" " tag="520">
      <subfield code="a">Postprint (published version)</subfield>
   </datafield>
   <datafield tag="653" ind2=" " ind1=" ">
      <subfield code="a">Àrees temàtiques de la UPC::Arquitectura::Arquitectura sostenible</subfield>
   </datafield>
   <datafield tag="653" ind2=" " ind1=" ">
      <subfield code="a">Àrees temàtiques de la UPC::Energies::Eficiència energètica</subfield>
   </datafield>
   <datafield tag="653" ind2=" " ind1=" ">
      <subfield code="a">Àrees temàtiques de la UPC::Edificació::Construcció sostenible</subfield>
   </datafield>
   <datafield tag="653" ind2=" " ind1=" ">
      <subfield code="a">Mediterranean dwellings</subfield>
   </datafield>
   <datafield tag="653" ind2=" " ind1=" ">
      <subfield code="a">Cooling strategy</subfield>
   </datafield>
   <datafield tag="653" ind2=" " ind1=" ">
      <subfield code="a">Energy efficiency</subfield>
   </datafield>
   <datafield ind2="0" ind1="0" tag="245">
      <subfield code="a">Climate-adaptive cooling strategies for thermal resilience in Mediterranean dwellings</subfield>
   </datafield>
</record></metadata></record></GetRecord></OAI-PMH>